000 00495nam a22001817a 4500
005 20251108164914.0
008 250721s1991 xx 000 0 ara d
082 1 4 _a212/محم
100 1 _aالشريف، محمود
245 1 0 _aسورة الفتح /
264 1 _aالقاهره :
_bدار المعارف،
_c1991.
300 _a95ص
650 1 7 _aالقرآن الكريم
650 1 7 _aتفسير القرآن
650 1 7 _aسور القرآن
942 _2ddc
_cBK
999 _c17136
_d17136